<?xml version="1.0" encoding="UTF-8"?><?xml-stylesheet type="text/xsl" href="static/style.xsl"?><OAI-PMH xmlns="http://www.openarchives.org/OAI/2.0/" xmlns:xsi="http://www.w3.org/2001/XMLSchema-instance" xsi:schemaLocation="http://www.openarchives.org/OAI/2.0/ http://www.openarchives.org/OAI/2.0/OAI-PMH.xsd"><responseDate>2026-04-13T06:43:39Z</responseDate><request verb="GetRecord" identifier="oai:www.recercat.cat:10256/15857" metadataPrefix="marc">https://recercat.cat/oai/request</request><GetRecord><record><header><identifier>oai:recercat.cat:10256/15857</identifier><datestamp>2024-06-18T12:11:19Z</datestamp><setSpec>com_2072_452955</setSpec><setSpec>com_2072_2054</setSpec><setSpec>col_2072_452961</setSpec></header><metadata><record xmlns="http://www.loc.gov/MARC21/slim" xmlns:dcterms="http://purl.org/dc/terms/" xmlns:xsi="http://www.w3.org/2001/XMLSchema-instance" xmlns:doc="http://www.lyncode.com/xoai" xsi:schemaLocation="http://www.loc.gov/MARC21/slim http://www.loc.gov/standards/marcxml/schema/MARC21slim.xsd">
   <leader>00925njm 22002777a 4500</leader>
   <datafield ind2=" " ind1=" " tag="042">
      <subfield code="a">dc</subfield>
   </datafield>
   <datafield ind2=" " ind1=" " tag="720">
      <subfield code="a">López Dalmau, Marta</subfield>
      <subfield code="e">author</subfield>
   </datafield>
   <datafield ind2=" " ind1=" " tag="720">
      <subfield code="a">Alsina, Àngel</subfield>
      <subfield code="e">author</subfield>
   </datafield>
   <datafield ind2=" " ind1=" " tag="260">
      <subfield code="c">2018-10-03</subfield>
   </datafield>
   <datafield ind2=" " ind1=" " tag="520">
      <subfield code="a">Two types of scaffolding (the questions and the type of interactions) are analyzed in three methods of teaching mathematics in Early Childhood Education: activity notebook (CA), manipulation and experimentation (ME) and work corners (RT). Based on a quantitative study with 9 teachers and 149 students from 3 to 6 years old, the following results have been obtained: in all three methods more closed questions are asked than open ones; b) monological, duological, exploratory contingency and conversational contingency interactions are observed in the three methods; c) in RT is where the open questions, the conversational contingency and duological interactions abound most. It is concluded that the method influences the type of aid and, consequently, the learning carried out by the students</subfield>
   </datafield>
   <datafield ind2=" " ind1=" " tag="520">
      <subfield code="a">Se analizan dos tipos de andamios (preguntas e interacciones) en tres métodos&#xd;
de enseñanza de las matemáticas en Educación Infantil: cuaderno de actividades&#xd;
(CA), manipulación y experimentación (ME) y rincones de trabajo (RT).&#xd;
A partir de un estudio cuantitativo con 9 maestras y 149 alumnos de 3 a 6 años se han&#xd;
obtenido los siguientes resultados: a) en los tres métodos se plantean más preguntas&#xd;
cerradas que abiertas; b) en los tres métodos se observan interacciones monológicas,&#xd;
duológicas, de contingencia explorativa y de contingencia conversacional; c) en RT es&#xd;
donde más abundan las preguntas abiertas, las interacciones duológicas y las de contingencia&#xd;
conversacional. Se concluye que el método influye en el tipo de ayudas y, en consecuencia,&#xd;
en el aprendizaje que realizan los alumnos</subfield>
   </datafield>
   <datafield ind1="8" ind2=" " tag="024">
      <subfield code="a">http://hdl.handle.net/10256/15857</subfield>
   </datafield>
   <datafield tag="653" ind2=" " ind1=" ">
      <subfield code="a">Matemàtica -- Educació infantil</subfield>
   </datafield>
   <datafield tag="653" ind2=" " ind1=" ">
      <subfield code="a">Didàctica</subfield>
   </datafield>
   <datafield tag="653" ind2=" " ind1=" ">
      <subfield code="a">Mathematics -- Study and teaching (Preschool)</subfield>
   </datafield>
   <datafield tag="653" ind2=" " ind1=" ">
      <subfield code="a">Teaching</subfield>
   </datafield>
   <datafield ind2="0" ind1="0" tag="245">
      <subfield code="a">¿Qué andamios se ofrecen para enseñar matemáticas en Educación Infantil? Preguntas e interacciones en función del método = What scaffolds are offered to teach mathematics in children's education? Questions and interactions depending on the method</subfield>
   </datafield>
</record></metadata></record></GetRecord></OAI-PMH>